000 00248nam a2200097Ia 4500
001 922381
005 20250826191443.0
008 250824s9999 xx 000 0 und d
245 0 _aFITRAT PEDAGOJİSİ
_cHATİCE KÜBRA TONGAR
260 _bHAYY YAYINLARI
999 _c922381
_d922381